000 00287nam a22001337a 4500
008 170913b xxu||||| |||| 00| 0 eng d
020 _a9780321001917
041 _aeng
080 _a5.3
100 _a43
101 _aFIZ
245 _aPHYSICAL SCIENCE
_cHEWITT.S.H
942 _2udc
_cBK
999 _c27474
_d27474